Online Catalogue and eLibrary

naithika kirayawaliya thula lama aithi wasakam rakina yathiyanthara lekkana (Record no. 6057)

MARC details
000 -LEADER
fixed length control field 00435nam a22001337a 4500
005 - DATE AND TIME OF LATEST TRANSACTION
control field 20250606033553.0
008 - FIXED-LENGTH DATA ELEMENTS--GENERAL INFORMATION
fixed length control field 250606b |||||||| |||| 00| 0 eng d
082 ## - DDC Classification
DDC Edition Number 22
Class No. 305
Item Number - Author Mark CHI
245 ## - TITLE STATEMENT
Title naithika kirayawaliya thula lama aithi wasakam rakina yathiyanthara lekkana
260 ## - PUBLICATION, DISTRIBUTION, ETC.
Place of publication, distribution, etc. Colombo
Name of publisher, distributor, etc. Lawyers organization for Human rights & Development
300 ## - PHYSICAL DESCRIPTION
Extent (e.g. Volumes, Pages etc.) 112 p .,
500 ## - GENERAL NOTE
General note children's rights under the legal process
942 ## - Koha item type (Biblio)
Koha item type Books in Stacks (Lending)
Holdings
Lost status Damaged status Collection code Home library Current library Date acquired Full call number Accession Number Item type
    Lending WERC Library WERC Library 06/06/2025 305 CHI 6976 Books in Stacks (Lending)

© WERC Library